|
|
|
|
| LEADER |
00000nam0a2200000 4500 |
| 001 |
163449 |
| 005 |
20231101222409.0 |
| 010 |
|
|
|a 9785394004278
|
| 035 |
|
|
|a (RuTPU)RU\TPU\book\177344
|
| 035 |
|
|
|a RU\TPU\book\164290
|
| 090 |
|
|
|a 163449
|
| 100 |
|
|
|a 20090818d2009 m y0rusy50 ca
|
| 101 |
0 |
|
|a rus
|
| 102 |
|
|
|a RU
|
| 105 |
|
|
|a a j 001zy
|
| 200 |
1 |
|
|a Математика для гуманитариев
|e учебник
|f под ред. К. В. Балдина
|
| 205 |
|
|
|a 2-е изд.
|
| 210 |
|
|
|a Москва
|c Дашков и К
|d 2009
|
| 215 |
|
|
|a 512 с.
|c ил.
|
| 320 |
|
|
|a Библиогр.: с. 476.
|
| 330 |
|
|
|a Настоящий учебник написан на базе лекционных курсов, которые авторы читали в ряде вузов столицы. В нем рассмотрены практически все аспекты дисциплины "Математика" Государственного образовательного стандарта высшего профессионального образования и программы по специальностям "Психология", "Лингвистика и межкультурные коммуникации", "Юриспруденция", "Философия" и "Менеджмент". Учебник содержит два основных раздела "Основы дискретной и высшей математики" и "Теория вероятностей и математическая статистика". В учебник включены прикладные наработки авторов по математике, теории вероятностей и математической статистике, примеры использования классических методов и заданий для самостоятельной работы обучаемых. Для студентов гуманитарных специальностей, аспирантов, преподавателей, а также научных сотрудников, предпринимателей, менеджеров и руководителей фирм. Учебник подготовлен при государственной поддержке ведущих научных школ. Грант № НШ 1907.2006.10.
|
| 606 |
1 |
|
|a Математика
|2 stltpush
|3 (RuTPU)RU\TPU\subj\67327
|9 83171
|
| 610 |
1 |
|
|a дискретная математика
|
| 610 |
1 |
|
|a высшая математика
|
| 610 |
1 |
|
|a линейная алгебра
|
| 610 |
1 |
|
|a векторная алгебра
|
| 610 |
1 |
|
|a функции
|
| 610 |
1 |
|
|a пределы
|
| 610 |
1 |
|
|a дифференциальное исчисление
|
| 610 |
1 |
|
|a интегральное исчисление
|
| 610 |
1 |
|
|a дифференциальные уравнения
|
| 610 |
1 |
|
|a ряды
|
| 610 |
1 |
|
|a теория вероятностей
|
| 610 |
1 |
|
|a математическая статистика
|
| 610 |
1 |
|
|a случайные события
|
| 610 |
1 |
|
|a случайные величины
|
| 610 |
1 |
|
|a случайные аргументы
|
| 610 |
1 |
|
|a оценивание
|
| 610 |
1 |
|
|a статистические методы
|
| 610 |
1 |
|
|a испытания
|
| 610 |
1 |
|
|a результаты
|
| 610 |
1 |
|
|a статистическая обработка
|
| 610 |
1 |
|
|a статистическая проверка
|
| 610 |
1 |
|
|a гипотезы
|
| 610 |
1 |
|
|a учебники
|
| 675 |
|
|
|a 51(075.8)
|v 3
|
| 702 |
|
1 |
|a Балдин
|b К. В.
|g Константин Васильевич
|4 340
|
| 801 |
|
1 |
|a RU
|b 63413507
|c 20090123
|g PSBO
|
| 801 |
|
2 |
|a RU
|b 63413507
|c 20150430
|g PSBO
|
| 900 |
|
|
|a Математика
|
| 900 |
|
|
|a Дискретная математика
|
| 900 |
|
|
|a Высшая математика
|
| 900 |
|
|
|a Теория вероятностей и математическая статистика
|
| 942 |
|
|
|c BK
|
| 955 |
|
|
|b 030300
|b 030301
|b 031200
|b 030500
|b 030501
|b 030100
|b 030101
|b 080500
|
| 959 |
|
|
|a 112/20081124
|d 25
|e 220,00
|f Ф_ТПУ_Новокузнецк:25
|